Loading...
| Fine Arts - Other | 0 | 5 | 1 | 1 | 45 | 35 | 72.00 | 1 | 1 | 16.66 | 22.45 |
| Literature - World | 0 | 3 | 0 | 0 | 30 | 104 | 113.00 | 0 | 0 | 1.53 | 8.31 |
| Literature - European | 0 | 3 | 0 | 0 | 30 | 82 | 91.33 | 0 | 0 | 6.51 | 11.65 |
| Popular Culture | 0 | 3 | 1 | 0 | 25 | 76 | 84.67 | 0 | 0 | 12.56 | 23.38 |
| History - American | 0 | 2 | 0 | 0 | 20 | 67 | 68.00 | 0 | 0 | 6.61 | 4.13 |
| Literature - British | 0 | 2 | 0 | 0 | 20 | 98 | 99.50 | 0 | 0 | 2.08 | 3.93 |
| Fine Arts - Painting and Sculpture | 0 | 2 | 0 | 1 | 20 | 80 | 97.50 | 0 | 0 | 1.83 | 3.79 |
| History - Other | 0 | 2 | 1 | 1 | 15 | 108 | 111.50 | 0 | 0 | 0.24 | 3.86 |
| Mythology | 0 | 2 | 1 | 2 | 15 | 104 | 109.50 | 0 | 0 | 0.50 | 2.34 |
| Science - Physics | 0 | 1 | 0 | 1 | 10 | 102 | 102.00 | 0 | 0 | 0.00 | 0.91 |
| Fine Arts - Classical Music | 0 | 1 | 0 | 0 | 10 | 101 | 101.00 | 0 | 0 | 1.63 | 1.82 |
| History - World | 0 | 1 | 0 | 0 | 10 | 91 | 91.00 | 0 | 0 | 1.50 | 3.79 |
| Philosophy | 0 | 1 | 0 | 1 | 10 | 74 | 74.00 | 0 | 0 | 2.97 | 1.85 |
| Religion | 0 | 1 | 0 | 1 | 10 | 114 | 114.00 | 0 | 0 | 0.00 | 0.83 |
| Science - Biology | 0 | 1 | 0 | 1 | 10 | 94 | 94.00 | 0 | 0 | 0.00 | 0.83 |
| Science - Other | 0 | 1 | 0 | 0 | 10 | 96 | 96.00 | 0 | 0 | 0.62 | 2.27 |
| Science - Chemistry | 0 | 0 | 0 | 0 | 0 | 0.00 | 0 | 0 | 0.00 | 0.00 | |
| Current Events | 0 | 0 | 1 | 0 | -5 | 0.00 | 0 | 0 | 0.00 | 0.00 |